000 00835cam a2200277 a 4500
001 496956006
003 OSt
005 20150408114103.0
008 100712s2011 nyua b 001 0 eng
010 _a2010029454
020 _a9780071221061
020 _a0073530468 (alk. paper)
035 _a.b69713376
040 _aDLC
_cDLC
_dYDX
_dBTCTA
_dYDXCP
_dCDX
_dUtOrBLW
049 _aOSUU
050 0 0 _aHF5549
_b.F86 2011
082 0 0 _a658.3
_222
245 0 0 _aFundamentals of human resource management /
_cRaymond A. Noe ... [et al.]
250 _a4th ed.
260 _aNew York :
_bMcGraw-Hill Irwin,
_cc2011.
300 _axxxiii, 552 p. :
_bill. (col. ill.) ;
_c26 cm.
504 _aIncludes bibliographical references and indexes.
650 0 _aPersonnel management.
700 1 _aNoe, Raymond A.
_94185
942 _2ddc
_cBOOK
999 _c26382
_d260882